[Event "VII Weekend A"]
[Site "Chioggia"]
[Date "2012.10.12"]
[Round "1"]
[White "Guerra, Alessandro"]
[Black "Lodici, Lorenzo"]
[Result "1/2-1/2"]
[WhiteElo "2199"]
[BlackElo "1870"]
[PlyCount "74"]
[EventDate "2012.10.12"]
[EventType "swiss"]
[EventRounds "5"]
[EventCountry "ITA"]
[SourceDate "2005.09.12"]

1. e4 c5 2. Nf3 Nc6 3. Bb5 d6 4. h3 Nf6 5. e5 dxe5 6. Nxe5 Qd5 7. Nxc6 bxc6 8.
Be2 e5 9. Nc3 Qd6 10. O-O Bf5 11. d3 Nd5 12. Ne4 Qc7 13. Ng3 Be6 14. Bg4 Bxg4
15. Qxg4 g6 16. Re1 f5 17. Qe2 Bg7 18. c4 Ne7 19. f4 O-O 20. fxe5 f4 21. Nf1
Rae8 22. Nh2 Nf5 23. Bxf4 Nd4 24. Qd2 Rxf4 25. Qxf4 Bxe5 26. Rxe5 Rxe5 27. Qg4
Re2 28. Nf3 Nxf3+ 29. Qxf3 Rxb2 30. Re1 Qd7 31. Kh1 Rd2 32. Rb1 Kg7 33. Qe3
Rxd3 34. Qe5+ Kh6 35. Qxc5 Rxh3+ 36. gxh3 Qxh3+ 37. Kg1 Qg3+ 1/2-1/2

[Event "VII Weekend A"]
[Site "Chioggia"]
[Date "2012.10.12"]
[Round "1"]
[White "Litrico, Paolo"]
[Black "Aleksic, Nenad"]
[Result "0-1"]
[WhiteElo "1981"]
[BlackElo "2337"]
[PlyCount "74"]
[EventDate "2012.10.12"]
[EventType "swiss"]
[EventRounds "5"]
[EventCountry "ITA"]
[SourceDate "2005.09.12"]

1. d4 Nf6 2. Nf3 b6 3. Bf4 Ba6 4. Nbd2 e6 5. c3 Be7 6. Ne5 O-O 7. Qc2 d6 8. Nd3
c5 9. e3 Qc7 10. Be2 cxd4 11. exd4 Nc6 12. Qa4 Bb7 13. Nf3 a6 14. O-O Rfd8 15.
h3 b5 16. Qb3 Na5 17. Qc2 Qb6 18. Rfe1 Rac8 19. Rac1 Nc4 20. Nd2 Nd5 21. Bh2
Bg5 22. f4 Nde3 23. Nxc4 bxc4 24. Qd2 Nxg2 25. fxg5 cxd3 26. Bxd3 Nxe1 27. Rxe1
e5 28. Qf2 exd4 29. cxd4 Re8 30. Rf1 Qc6 31. Qxf7+ Kh8 32. d5 Qc5+ 33. Rf2 Rf8
34. Bxd6 Qc1+ 35. Bf1 Rxf7 36. Rxf7 Qxg5+ 37. Kf2 Qxd5 0-1

[Event "VII Weekend A"]
[Site "Chioggia"]
[Date "2012.10.12"]
[Round "1"]
[White "Luciani, Valerio"]
[Black "Marchioli, Roberto"]
[Result "1-0"]
[WhiteElo "2206"]
[BlackElo "1894"]
[PlyCount "56"]
[EventDate "2012.10.12"]
[EventType "swiss"]
[EventRounds "5"]
[EventCountry "ITA"]
[SourceDate "2005.09.12"]

1. d4 Nf6 2. c4 g6 3. Nc3 Bg7 4. e4 d6 5. f3 O-O 6. Be3 c5 7. Nge2 Nc6 8. Qd2
cxd4 9. Nxd4 a6 10. Be2 Bd7 11. O-O Rc8 12. Rac1 Re8 13. Rfd1 Nxd4 14. Bxd4 Qa5
15. Rc2 Qh5 16. Be3 Bc6 17. Bf1 Qa5 18. Rdc1 Bd7 19. g4 Be6 20. b3 h5 21. h3
Qe5 22. f4 Qa5 23. f5 gxf5 24. gxf5 Bd7 25. Bh6 Kh7 26. Bxg7 Kxg7 27. Kh1 Kh7
28. Nd5 Nxd5 1-0

[Event "VII Weekend A"]
[Site "Chioggia"]
[Date "2012.10.12"]
[Round "1"]
[White "Novelli, Cristiano"]
[Black "Pomaro, Alberto"]
[Result "0-1"]
[WhiteElo "2025"]
[BlackElo "2407"]
[PlyCount "50"]
[EventDate "2012.10.12"]
[EventType "swiss"]
[EventRounds "5"]
[EventCountry "ITA"]
[SourceDate "2005.09.12"]

1. e4 e6 2. d4 d5 3. e5 c5 4. c3 Nc6 5. Nf3 Qb6 6. Bd3 cxd4 7. cxd4 Bd7 8. O-O
Nxd4 9. Nxd4 Qxd4 10. Nc3 Qxe5 11. Re1 Qb8 12. Nxd5 Bd6 13. Qg4 Kf8 14. Bg5 h6
15. Bh4 h5 16. Qh3 Bc6 17. Nc3 Nh6 18. Rab1 Ng4 19. Be2 Bxh2+ 20. Kh1 g5 21.
Bg3 Bxg3 22. Bxg4 Bxf2 23. Ne4 Bxe1 24. Rxe1 Qe5 25. Qa3+ Kg7 0-1

[Event "VII Weekend A"]
[Site "Chioggia"]
[Date "2012.10.20"]
[Round "1"]
[White "Resch, Aaron"]
[Black "Gallo, Enrico"]
[Result "0-1"]
[WhiteElo "1666"]
[BlackElo "2099"]
[PlyCount "36"]
[EventDate "2012.10.12"]
[EventType "swiss"]
[EventRounds "5"]
[EventCountry "ITA"]
[SourceDate "2005.09.12"]

1. e4 e6 2. d4 d5 3. exd5 exd5 4. Bd3 Nf6 5. Bf4 Bd6 6. Bxd6 Qxd6 7. Nf3 O-O 8.
O-O Bg4 9. Nbd2 Nc6 10. c3 Rfe8 11. Qc2 Bh5 12. Rfe1 Bg6 13. h3 Qf4 14. Bxg6
hxg6 15. Qd3 Ne4 16. Re3 f5 17. Rae1 Ne7 18. Ne5 Qxf2+ 0-1

[Event "VII Weekend A"]
[Site "Chioggia"]
[Date "2012.10.12"]
[Round "1"]
[White "Rostolis, Riccardo"]
[Black "Gastiaburo, Hernan"]
[Result "0-1"]
[WhiteElo "1899"]
[BlackElo "2242"]
[PlyCount "34"]
[EventDate "2012.10.12"]
[EventType "swiss"]
[EventRounds "5"]
[EventCountry "ITA"]
[SourceDate "2005.09.12"]

1. e4 c5 2. Nf3 e6 3. d4 cxd4 4. Nxd4 Nf6 5. Nc3 d6 6. Bc4 Be7 7. Be3 O-O 8.
Qe2 a6 9. O-O-O b5 10. Bb3 b4 11. Na4 Nxe4 12. Nxe6 Bxe6 13. Bb6 Qe8 14. Qxe4
Bxb3 15. Qxa8 Bxa4 16. Qf3 Nd7 17. Be3 Ne5 0-1

[Event "VII Weekend A"]
[Site "Chioggia"]
[Date "2012.10.12"]
[Round "1"]
[White "Sanchez, Joseph"]
[Black "Zamengo, Fulvio"]
[Result "1-0"]
[WhiteElo "2544"]
[BlackElo "2058"]
[PlyCount "101"]
[EventDate "2012.10.12"]
[EventType "swiss"]
[EventRounds "5"]
[EventCountry "ITA"]
[SourceDate "2005.09.12"]

1. e4 e6 2. d4 d5 3. Nc3 Bb4 4. e5 c5 5. a3 Bxc3+ 6. bxc3 Ne7 7. Nf3 Nbc6 8.
Bd3 Qa5 9. Bd2 c4 10. Be2 Bd7 11. O-O Qa4 12. Ng5 h6 13. Nh3 O-O-O 14. Nf4 g6
15. Ra2 Rdf8 16. Bg4 Kb8 17. Re1 Bc8 18. h4 Nd8 19. g3 Rfg8 20. Ng2 Nf5 21. Qc1
h5 22. Bh3 Nc6 23. Bg5 Nfe7 24. Bf6 Rh7 25. Nf4 Re8 26. Bg2 Ng8 27. Bg5 Qa5 28.
Re3 Nge7 29. a4 Nf5 30. Rf3 Rhh8 31. Bf6 Rhf8 32. Qa3 Nce7 33. Bh3 Qc7 34. a5
Qd7 35. Rb2 Qc7 36. Rb1 Qd7 37. Bg2 Ng8 38. Bg5 Nge7 39. Nh3 Qc7 40. Bf6 Ka8
41. Ng5 Kb8 42. Nh7 Rg8 43. Bg5 Rh8 44. Nf6 Rd8 45. Bh3 Rdf8 46. Bc1 Rd8 47.
Qa1 Ng8 48. Rb5 Nxf6 49. Rc5 Ne8 50. Rxc7 Kxc7 51. Bxf5 1-0

[Event "VII Weekend A"]
[Site "Chioggia"]
[Date "2012.10.12"]
[Round "1"]
[White "Xia, Jie"]
[Black "Knottner, Klaus"]
[Result "1-0"]
[WhiteElo "2243"]
[BlackElo "1907"]
[PlyCount "72"]
[EventDate "2012.10.12"]
[EventType "swiss"]
[EventRounds "5"]
[EventCountry "ITA"]
[SourceDate "2005.09.12"]

1. e4 e5 2. Nf3 Nc6 3. d4 exd4 4. Bc4 Be7 5. c3 d3 6. Qxd3 d6 7. O-O Nf6 8. h3
O-O 9. Bf4 Na5 10. Nbd2 Nxc4 11. Nxc4 b6 12. Ne3 Bb7 13. Nd5 Re8 14. Rfe1 h6
15. Rad1 Nxd5 16. exd5 Bf6 17. b3 Qd7 18. Nh2 Rxe1+ 19. Rxe1 Re8 20. Re3 Rxe3
21. Bxe3 Bc8 22. Ng4 Be7 23. Bd4 Qf5 24. Qg3 Qg6 25. Qe3 Qg5 26. f4 Qh4 27. Nf2
Bd7 28. g3 Qh5 29. Qxe7 Bxh3 30. Nxh3 Qxh3 31. Bf2 Qh5 32. Qe8+ Kh7 33. Qe4+ g6
34. Kg2 Kg7 35. Qe8 Qf5 36. c4 Qc2 1-0

[Event "VII Weekend A"]
[Site "Chioggia"]
[Date "2012.10.13"]
[Round "2"]
[White "Aleksic, Nenad"]
[Black "Boscolo, Marco"]
[Result "1-0"]
[WhiteElo "2337"]
[BlackElo "2150"]
[PlyCount "123"]
[EventDate "2012.10.12"]
[EventType "swiss"]
[EventRounds "5"]
[EventCountry "ITA"]
[SourceDate "2005.09.12"]

1. e4 e6 2. d4 d5 3. Nc3 Nf6 4. e5 Nfd7 5. Nf3 c5 6. dxc5 Bxc5 7. Bd3 Nc6 8.
Bf4 f6 9. exf6 Nxf6 10. O-O O-O 11. Ne5 Bd7 12. Qe2 a6 13. Rae1 Nxe5 14. Bxe5
Bc6 15. a3 Qd7 16. Kh1 Rae8 17. f4 Bd6 18. Nb1 g6 19. Nd2 Bxe5 20. Qxe5 Bb5 21.
Qd4 Nh5 22. Kg1 Bxd3 23. cxd3 Qg7 24. Qxg7+ Kxg7 25. g3 Re7 26. Nf3 Rfe8 27.
Re2 h6 28. Rfe1 Nf6 29. Kg2 Nd7 30. Rc2 Nb6 31. h4 Rc8 32. Rce2 Rce8 33. Ne5
Kf6 34. g4 Kg7 35. Kg3 Nc8 36. Rh1 Nd6 37. h5 gxh5 38. Rxh5 Rh8 39. Nf3 Rhe8
40. Reh2 Rh8 41. Nd4 Nf7 42. Re2 Rhe8 43. Nf3 Kf6 44. Reh2 Rh8 45. Ne5 Nxe5 46.
Rxe5 Ree8 47. Rhe2 Re7 48. f5 Rhe8 49. Kf4 Kf7 50. d4 Kf6 51. R2e3 Kf7 52.
fxe6+ Rxe6 53. Rf5+ Kg6 54. Rxe6+ Rxe6 55. Rxd5 Rb6 56. b4 Rf6+ 57. Rf5 Rc6 58.
Rc5 Rf6+ 59. Rf5 Rc6 60. d5 Rc3 61. g5 Rc4+ 62. Ke5 1-0

[Event "VII Weekend A"]
[Site "Chioggia"]
[Date "2012.10.13"]
[Round "2"]
[White "Boscolo, Max"]
[Black "Engl, Stefan"]
[Result "1-0"]
[WhiteElo "1982"]
[BlackElo "1864"]
[PlyCount "75"]
[EventDate "2012.10.12"]
[EventType "swiss"]
[EventRounds "5"]
[EventCountry "ITA"]
[SourceDate "2005.09.12"]

1. Nf3 f5 2. g3 Nf6 3. Bg2 e6 4. O-O Be7 5. c4 O-O 6. Nc3 d6 7. d4 Ne4 8. Qc2
Nxc3 9. bxc3 Nc6 10. d5 Na5 11. dxe6 Bxe6 12. Nd4 Bxc4 13. Nxf5 Bf6 14. Ne3 Be6
15. Nd5 Qd7 16. Be4 h6 17. Nf4 Bf7 18. Bh7+ Kh8 19. Ng6+ Bxg6 20. Bxg6 Qc6 21.
Rb1 Qxc3 22. Qa4 b6 23. Bd3 Qd4 24. Qd7 c5 25. Qf5 Kg8 26. Bxh6 Qe5 27. Qh7+
Kf7 28. Bf4 Qe6 29. Bf5 Qxa2 30. Bxd6 Rh8 31. Qg6+ Kg8 32. Qg4 Kf7 33. e4 Rad8
34. e5 Qc4 35. Qg6+ Kg8 36. exf6 Qf7 37. Be6 Qxe6 38. Qxg7# 1-0

[Event "VII Weekend A"]
[Site "Chioggia"]
[Date "2012.10.13"]
[Round "2"]
[White "Cacco, Christian"]
[Black "Bellemo, Davide"]
[Result "1-0"]
[WhiteElo "2302"]
[BlackElo "2125"]
[PlyCount "157"]
[EventDate "2012.10.12"]
[EventType "swiss"]
[EventRounds "5"]
[EventCountry "ITA"]
[SourceDate "2005.09.12"]

1. d4 d5 2. Nf3 Nf6 3. c4 e6 4. Nc3 c6 5. cxd5 exd5 6. Bg5 Be7 7. e3 O-O 8. Bd3
Nbd7 9. Qc2 Re8 10. O-O Nf8 11. Bxf6 Bxf6 12. b4 Bg4 13. Nd2 Rc8 14. Nb3 b6 15.
Rac1 b5 16. Nb1 Be7 17. h3 Bh5 18. a3 Bd6 19. Rfe1 Bc7 20. N1d2 Qd6 21. Nf1 Bg6
22. f4 Bxd3 23. Qxd3 Nd7 24. Qc2 Bd8 25. Nc5 Nb6 26. a4 bxa4 27. Nd2 Bh4 28.
Re2 Bf6 29. Qd3 Re7 30. g3 Rce8 31. Rce1 Kh8 32. h4 Kg8 33. Kg2 Kh8 34. Kf2 Kg8
35. Nf3 Nc4 36. e4 dxe4 37. Nxe4 Qxb4 38. Nxf6+ gxf6 39. Rxe7 Rxe7 40. Rxe7
Qxe7 41. Qxc4 Qa3 42. Qc2 Qb4 43. Ke3 a3 44. Nd2 Qe7+ 45. Kf2 Qb4 46. Nc4 a5
47. Kf3 a2 48. Qxa2 Qc3+ 49. Ne3 Qxd4 50. Qxa5 Qd7 51. Qc5 Qe8 52. Nf5 Qd7 53.
Ne3 Kg7 54. g4 Kg8 55. h5 h6 56. Qc2 Qd6 57. Qe4 Qd7 58. Kg3 c5 59. Qd5 Qe7 60.
Kf3 Qc7 61. Qa8+ Kh7 62. Qd5 Kg8 63. Qe4 Qd7 64. Nd5 Kg7 65. Qc4 Qd6 66. Ne3
Kg8 67. Qb5 Kf8 68. Qb7 Kg8 69. Qc8+ Kh7 70. Qe8 Qc7 71. Kg3 Qb7 72. Nf5 Qb3+
73. Kf2 Qa2+ 74. Qe2 Qb3 75. Ne3 Qe6 76. Qc2+ Kg8 77. Qxc5 Qd7 78. Nd5 Qe6 79.
Qc8+ 1-0

[Event "VII Weekend A"]
[Site "Chioggia"]
[Date "2012.10.13"]
[Round "2"]
[White "Cardarelli, Angelo"]
[Black "Caldara, Sisto"]
[Result "1-0"]
[WhiteElo "1965"]
[BlackElo "1821"]
[PlyCount "75"]
[EventDate "2012.10.12"]
[EventType "swiss"]
[EventRounds "5"]
[EventCountry "ITA"]
[SourceDate "2005.09.12"]

1. e4 c5 2. Nf3 e6 3. d4 cxd4 4. Nxd4 a6 5. g3 Qc7 6. Bg2 Nf6 7. Nc3 Nc6 8. O-O
h5 9. h3 Bb4 10. Re1 d6 11. Nde2 Bd7 12. a3 Bc5 13. Bg5 Rc8 14. Nf4 Ne7 15.
Bxf6 gxf6 16. Nxh5 Bxf2+ 17. Kxf2 Qa5 18. Re3 Rxh5 19. g4 Re5 20. Qf3 f5 21.
Rae1 Bc6 22. Kf1 fxg4 23. hxg4 f5 24. gxf5 Rxf5 25. exf5 Bxf3 26. Bxf3 Qxf5 27.
Kg1 Kd7 28. Bg2 Qc5 29. Ne4 Qd4 30. c3 Qg7 31. Nxd6 Rg8 32. R1e2 Nd5 33. Rxe6
Qg5 34. Nf7 Qg3 35. Rd6+ Qxd6 36. Nxd6 Kxd6 37. Rd2 Rg5 38. c4 1-0

[Event "VII Weekend A"]
[Site "Chioggia"]
[Date "2012.10.13"]
[Round "2"]
[White "Gallo, Enrico"]
[Black "Xia, Jie"]
[Result "0-1"]
[WhiteElo "2099"]
[BlackElo "2243"]
[PlyCount "140"]
[EventDate "2012.10.12"]
[EventType "swiss"]
[EventRounds "5"]
[EventCountry "ITA"]
[SourceDate "2005.09.12"]

1. e4 c5 2. Nf3 Nc6 3. d4 cxd4 4. Nxd4 g6 5. Nxc6 bxc6 6. Qd4 Nf6 7. e5 Nd5 8.
Bc4 Qb6 9. Qe4 Bg7 10. O-O O-O 11. Bb3 d6 12. c4 Bf5 13. Qh4 Nb4 14. Be3 Qb7
15. exd6 exd6 16. Nc3 Nd3 17. Bd4 Ne5 18. Rad1 Rfe8 19. c5 d5 20. f4 Ng4 21.
Bxg7 Kxg7 22. Rf3 Qb4 23. Na4 Ne3 24. Qe1 Qe4 25. Nc3 Qe7 26. Rc1 Qxc5 27. Na4
Qd4 28. Qf2 Qe4 29. Qd2 Ng4 30. h3 Nf6 31. Nc5 Qe7 32. Qd4 Kg8 33. g4 Be4 34.
Re3 Nd7 35. Nxe4 dxe4 36. Rxc6 Nb6 37. Rd6 Rac8 38. f5 g5 39. f6 Qc7 40. Rc3
Qb7 41. Rc5 Rxc5 42. Qxc5 h6 43. Qf5 Kh8 44. h4 Qc7 45. Rd1 Qg3+ 46. Kf1 e3 47.
Re1 Re5 48. Qc2 Qxg4 49. Qg2 Qxh4 50. Re2 Qf4+ 51. Kg1 Qxf6 52. Qh3 Kg7 53.
Rxe3 Rxe3 54. Qxe3 Qxb2 55. Qe7 Qd4+ 56. Kh1 Qh4+ 57. Kg1 Qg3+ 58. Kh1 Qf3+ 59.
Kg1 g4 60. Qxa7 Nc8 61. Qd4+ Kg6 62. Qe5 g3 63. Bc2+ f5 64. Qe6+ Kg5 65. Qg8+
Kh4 66. Qd8+ Kh3 67. Qd2 h5 68. Bd1 Qc6 69. Be2 Qc5+ 70. Kh1 Qf2 0-1

[Event "VII Weekend A"]
[Site "Chioggia"]
[Date "2012.10.13"]
[Round "2"]
[White "Gastiaburo, Hernan"]
[Black "Buriani, Andrea"]
[Result "1-0"]
[WhiteElo "2242"]
[BlackElo "2083"]
[PlyCount "61"]
[EventDate "2012.10.12"]
[EventType "swiss"]
[EventRounds "5"]
[EventCountry "ITA"]
[SourceDate "2005.09.12"]

1. c4 e5 2. Nc3 Nc6 3. g3 g6 4. Bg2 Bg7 5. e3 f5 6. d3 Nf6 7. Nge2 O-O 8. O-O
d6 9. Rb1 Be6 10. Nd5 Rb8 11. b3 Ne7 12. Nxf6+ Bxf6 13. f4 c6 14. Bb2 b5 15.
Qd2 Qd7 16. Rbc1 c5 17. cxb5 Qxb5 18. e4 a5 19. fxe5 dxe5 20. Ba3 Rbd8 21. Rxc5
Qxd3 22. Qxd3 Rxd3 23. Rxa5 fxe4 24. Bxe7 Bxe7 25. Rxe5 Re8 26. Nf4 Bf5 27.
Nxd3 exd3 28. Bc6 Rd8 29. Rxe7 Bh3 30. Rd1 d2 31. Re8+ 1-0

[Event "VII Weekend A"]
[Site "Chioggia"]
[Date "2012.10.13"]
[Round "2"]
[White "Knottner, Klaus"]
[Black "Resch, Aaron"]
[Result "0-1"]
[WhiteElo "1907"]
[BlackElo "1666"]
[PlyCount "108"]
[EventDate "2012.10.12"]
[EventType "swiss"]
[EventRounds "5"]
[EventCountry "ITA"]
[SourceDate "2005.09.12"]

1. e4 b6 2. d4 Bb7 3. Nc3 e6 4. Nf3 Ne7 5. Bd3 d6 6. Bg5 Nd7 7. O-O h6 8. Bh4
g6 9. Nb5 a6 10. Nc3 Bg7 11. Re1 O-O 12. h3 Kh7 13. Qe2 Qe8 14. Rac1 Nc6 15. d5
Nce5 16. Nh2 Nxd3 17. cxd3 exd5 18. Nxd5 Bxd5 19. exd5 Qxe2 20. Rxe2 Nc5 21.
Re7 Rac8 22. b3 g5 23. Bg3 Bf6 24. Re3 Bd4 25. Re2 f5 26. Re7+ Kg6 27. Nf3 Bf6
28. Re2 f4 29. Bh2 Nxd3 30. Rd1 Nc5 31. Nd4 Bxd4 32. Rxd4 Rce8 33. Rdd2 Rxe2
34. Rxe2 Rf5 35. Rd2 Ne4 36. Rd3 Nf6 37. g4 Rxd5 38. Rxd5 Nxd5 39. Kf1 Nc3 40.
a4 Kf6 41. f3 Ke5 42. Bg1 d5 43. Ke1 d4 44. Kd2 c5 45. Kd3 Nd5 46. Bf2 Ne3 47.
Be1 Kd5 48. Bf2 Ng2 49. Kd2 b5 50. Kc2 bxa4 51. Kb2 axb3 52. Kxb3 c4+ 53. Kb4
a5+ 54. Kxa5 d3 0-1

[Event "VII Weekend A"]
[Site "Chioggia"]
[Date "2012.10.13"]
[Round "2"]
[White "Lantschner, Carmen"]
[Black "Rostolis, Riccardo"]
[Result "0-1"]
[WhiteElo "1665"]
[BlackElo "1899"]
[PlyCount "80"]
[EventDate "2012.10.12"]
[EventType "swiss"]
[EventRounds "5"]
[EventCountry "ITA"]
[SourceDate "2005.09.12"]

1. e4 c5 2. Nf3 Nc6 3. d4 cxd4 4. Nxd4 Nf6 5. Nc3 e5 6. Ndb5 d6 7. Nd5 Nxd5 8.
exd5 Nb8 9. Be2 Be7 10. c4 O-O 11. O-O f5 12. Kh1 a6 13. Na3 f4 14. Bd3 Bf5 15.
Qc2 Bxd3 16. Qxd3 Nd7 17. Nb1 Nc5 18. Qe2 Rf6 19. Nc3 Rh6 20. Bd2 Bf8 21. g3
Qd7 22. Rg1 Qh3 23. Rg2 Rf6 24. Ne4 Nxe4 25. Qxe4 Qd7 26. b3 Re8 27. Re1 Re7
28. Qf3 fxg3 29. Qxg3 Rg6 30. Qd3 Rxg2 31. Kxg2 Rf7 32. Re3 Be7 33. Rf3 Qg4+
34. Rg3 Qd1 35. Rh3 h6 36. Rg3 Bh4 37. Bb4 Rxf2+ 38. Kh3 Qh5 39. Qg6 Rxh2+ 40.
Kxh2 Bxg3+ 0-1

[Event "VII Weekend A"]
[Site "Chioggia"]
[Date "2012.10.13"]
[Round "2"]
[White "Lodici, Lorenzo"]
[Black "Novelli, Cristiano"]
[Result "1-0"]
[WhiteElo "1870"]
[BlackElo "2025"]
[PlyCount "73"]
[EventDate "2012.10.12"]
[EventType "swiss"]
[EventRounds "5"]
[EventCountry "ITA"]
[SourceDate "2005.09.12"]

1. d4 d5 2. c4 e6 3. Nc3 Nf6 4. cxd5 exd5 5. Bg5 c6 6. Qc2 Be7 7. e3 Bg4 8. Bd3
Bh5 9. Nge2 Bg6 10. Ng3 Bxd3 11. Qxd3 h6 12. Bxf6 Bxf6 13. O-O O-O 14. Rad1 Na6
15. f3 Qb6 16. Na4 Qb4 17. Qb3 Rfe8 18. Rfe1 Rad8 19. Kf2 Rd7 20. Qxb4 Nxb4 21.
Nc5 Rc7 22. a3 Na6 23. Nxa6 bxa6 24. b4 a5 25. bxa5 c5 26. Rc1 c4 27. Ne2 Be7
28. Nc3 Bxa3 29. Rb1 Rd7 30. Rb5 Rc8 31. Reb1 Rcc7 32. Rb8+ Bf8 33. R1b5 f6 34.
Ke2 Kf7 35. Nxd5 c3 36. Nxc7 Rxc7 37. R5b7 1-0

[Event "VII Weekend A"]
[Site "Chioggia"]
[Date "2012.10.13"]
[Round "2"]
[White "Losso, Agostino"]
[Black "Aprile, Martino"]
[Result "0-1"]
[WhiteElo "1751"]
[BlackElo "1920"]
[PlyCount "98"]
[EventDate "2012.10.12"]
[EventType "swiss"]
[EventRounds "5"]
[EventCountry "ITA"]
[SourceDate "2005.09.12"]

1. e4 b6 2. f4 Bb7 3. d3 c5 4. Nf3 e6 5. g3 Nf6 6. Bg2 d5 7. e5 Nfd7 8. O-O Be7
9. c3 Nc6 10. Qe2 g6 11. Na3 h5 12. h3 a6 13. Bd2 b5 14. Nc2 Qb6 15. Kh2 a5 16.
b3 b4 17. c4 d4 18. Ng5 Bxg5 19. fxg5 Ncxe5 20. Bf4 Nc6 21. Bd6 Ne7 22. Bxb7
Qxb7 23. Rae1 Qc6 24. Qf2 Nf5 25. Be5 Nxe5 26. Rxe5 Qc7 27. Qf3 Rd8 28. Qe2 Ne3
29. Rxe3 dxe3 30. Qxe3 h4 31. Rf3 hxg3+ 32. Rxg3 Rh4 33. Kg1 Qf4 34. Kg2 Qxe3
35. Rxe3 Ke7 36. Ne1 Rhd4 37. Kf2 a4 38. Ke2 Rh4 39. Kf2 axb3 40. axb3 Ra8 41.
Kg3 Rd4 42. Nc2 Rd7 43. d4 Ra2 44. Ne1 cxd4 45. Rd3 e5 46. Kf3 Ke6 47. h4 Kf5
48. Kg3 e4 49. Rd1 Rb2 0-1

[Event "VII Weekend A"]
[Site "Chioggia"]
[Date "2012.10.13"]
[Round "2"]
[White "Marchioli, Roberto"]
[Black "Litrico, Paolo"]
[Result "1/2-1/2"]
[WhiteElo "1894"]
[BlackElo "1981"]
[PlyCount "56"]
[EventDate "2012.10.12"]
[EventType "swiss"]
[EventRounds "5"]
[EventCountry "ITA"]
[SourceDate "2005.09.12"]

1. e4 e5 2. Nf3 Nc6 3. Bb5 a6 4. Ba4 Nf6 5. O-O Nxe4 6. d4 b5 7. Bb3 d5 8. dxe5
Be6 9. Nbd2 Bc5 10. c3 O-O 11. Qe2 Bf5 12. a4 b4 13. Nxe4 dxe4 14. Ng5 Qd3 15.
Qxd3 exd3 16. e6 Na5 17. exf7+ Kh8 18. Be6 Bxe6 19. Nxe6 Nb3 20. Be3 Bxe3 21.
fxe3 Nxa1 22. Nxf8 Rxf8 23. Rxa1 bxc3 24. bxc3 Rxf7 25. Rd1 Rd7 26. Kf2 c5 27.
c4 Kg8 28. Rd2 Rb7 1/2-1/2

[Event "VII Weekend A"]
[Site "Chioggia"]
[Date "2012.10.13"]
[Round "2"]
[White "Milazzo, Mario"]
[Black "Guerra, Alessandro"]
[Result "1/2-1/2"]
[WhiteElo "2075"]
[BlackElo "2199"]
[PlyCount "141"]
[EventDate "2012.10.12"]
[EventType "swiss"]
[EventRounds "5"]
[EventCountry "ITA"]
[SourceDate "2005.09.12"]

1. c4 e5 2. Nc3 Nf6 3. g3 Nc6 4. Bg2 Bc5 5. e3 O-O 6. Nge2 Re8 7. d3 d6 8. h3
a6 9. O-O Ba7 10. Nd5 Nxd5 11. cxd5 Ne7 12. Kh2 c6 13. Nc3 Bd7 14. Qb3 Rb8 15.
Bd2 Bb6 16. Qa3 Bc7 17. b4 a5 18. bxa5 c5 19. Qb2 Bxa5 20. a4 Ra8 21. Rfb1 Ra7
22. Nb5 Ra6 23. Bc3 Bf5 24. Qd2 Bxc3 25. Nxc3 Qa8 26. Bf1 Qc8 27. Rb2 Qc7 28.
Rab1 Bc8 29. d4 exd4 30. exd4 cxd4 31. Qxd4 Nf5 32. Qb4 Ra8 33. Nb5 Qa5 34.
Qxa5 Rxa5 35. g4 Ne7 36. Nxd6 Rd8 37. Nxb7 Bxb7 38. Rxb7 Nxd5 39. Rb8 Rf8 40.
Rxf8+ Kxf8 41. Rb5 Rxb5 42. axb5 Ke7 43. Kg3 f6 44. Bg2 Nb6 45. h4 Kd6 46. g5
fxg5 47. hxg5 Kc5 48. Bc6 Kd4 49. Kg4 Ke5 50. f4+ Ke6 51. Be4 g6 52. f5+ Kf7
53. fxg6+ hxg6 54. Kf4 Nd7 55. Bc6 Nb6 56. Ke5 Ke7 57. Be4 Nc4+ 58. Kd4 Nd2 59.
Bh1 Kd6 60. Bg2 Nb3+ 61. Kc4 Nc5 62. Kb4 Ne6 63. Ka5 Kc7 64. b6+ Kb8 65. Be4
Nxg5 66. Bxg6 Ne6 67. Kb5 Nd4+ 68. Kc5 Ne6+ 69. Kd6 Nd4 70. Be4 Nb5+ 71. Kc5 {
<n.u.r.; 83B>} 1/2-1/2

[Event "VII Weekend A"]
[Site "Chioggia"]
[Date "2012.10.13"]
[Round "2"]
[White "Negro, Roberto"]
[Black "Ceschia, Ivano"]
[Result "0-1"]
[WhiteElo "2106"]
[BlackElo "2282"]
[PlyCount "158"]
[EventDate "2012.10.12"]
[EventType "swiss"]
[EventRounds "5"]
[EventCountry "ITA"]
[SourceDate "2005.09.12"]

1. d4 Nf6 2. c4 g6 3. Nc3 d5 4. Nf3 Bg7 5. Bg5 Ne4 6. cxd5 Nxg5 7. Nxg5 e6 8.
Nf3 exd5 9. e3 O-O 10. Be2 c6 11. O-O Be6 12. Rc1 Nd7 13. Na4 Qe7 14. Ne1 Rfc8
15. Nd3 f5 16. Nac5 Nxc5 17. Nxc5 Bf7 18. Bf3 Rc7 19. g3 h5 20. b4 a5 21. a3
axb4 22. axb4 h4 23. Bg2 hxg3 24. hxg3 Bf6 25. Ra1 Rxa1 26. Qxa1 Kg7 27. Qa7 g5
28. Nd3 Bg6 29. Qc5 f4 30. Nxf4 gxf4 31. gxf4 Qxc5 32. bxc5 b5 33. cxb6 Rb7 34.
Ra1 Rxb6 35. Ra7+ Kf8 36. Ra2 Bb1 37. Ra8+ Kf7 38. Bh3 Be4 39. Kh2 Bh4 40. Ra2
Bb1 41. Rd2 Ke7 42. Bg4 Rb8 43. Kh3 Bf6 44. Kg3 Kd6 45. Rd1 Rb3 46. Rd2 Be4 47.
Rd1 Rb7 48. Rc1 Rh7 49. f3 Bd3 50. f5 Bh4+ 51. Kf4 Rg7 52. Rc3 Bg5+ 53. Kg3
Bxf5 54. Bxf5 Bxe3+ 55. Bg4 Bxd4 56. Ra3 Bc5 57. Ra8 Bb6 58. f4 c5 59. f5 c4
60. Kf4 c3 61. Bd1 Rg1 62. Bb3 Rb1 63. f6 Ke6 64. f7 Rf1+ 65. Kg4 Rxf7 66. Ra6
Rb7 67. Kf3 Ke5 68. Ke2 Bc5 69. Bc2 Kd4 70. Rg6 Re7+ 71. Kd1 Kc4 72. Rg3 Be3
73. Ba4 d4 74. Rg4 Ra7 75. Bc2 Rf7 76. Bg6 Rf1+ 77. Ke2 Rf2+ 78. Kd1 c2+ 79.
Bxc2 Rd2+ 0-1

[Event "VII Weekend A"]
[Site "Chioggia"]
[Date "2012.10.13"]
[Round "2"]
[White "Omeri, Silvan"]
[Black "Sanchez, Joseph"]
[Result "0-1"]
[WhiteElo "2203"]
[BlackElo "2544"]
[PlyCount "70"]
[EventDate "2012.10.12"]
[EventType "swiss"]
[EventRounds "5"]
[EventCountry "ITA"]
[SourceDate "2005.09.12"]

1. d4 d5 2. Nf3 c6 3. g3 Bg4 4. Bg2 Nd7 5. O-O Ngf6 6. c3 e6 7. Bg5 Be7 8. Nbd2
O-O 9. Re1 h6 10. Bxf6 Bxf6 11. Qb3 Qc7 12. e4 a5 13. h3 a4 14. Qd1 Bh5 15. e5
Be7 16. g4 Bg6 17. Nf1 c5 18. a3 cxd4 19. cxd4 Qb6 20. Qd2 Nb8 21. Ng3 Nc6 22.
Rad1 Na5 23. Bf1 Rac8 24. g5 Rc2 25. Qe3 hxg5 26. Nxg5 Nc4 27. Bxc4 dxc4 28.
Rd2 Qxb2 29. Rxc2 Qxc2 30. d5 Qd3 31. Qf4 Qxd5 32. h4 c3 33. N5e4 c2 34. Rc1
Bxa3 35. Rxc2 Qd1+ 0-1

[Event "VII Weekend A"]
[Site "Chioggia"]
[Date "2012.10.13"]
[Round "2"]
[White "Pomaro, Alberto"]
[Black "Luciani, Valerio"]
[Result "0-1"]
[WhiteElo "2407"]
[BlackElo "2206"]
[PlyCount "76"]
[EventDate "2012.10.12"]
[EventType "swiss"]
[EventRounds "5"]
[EventCountry "ITA"]
[SourceDate "2005.09.12"]

1. Nf3 Nf6 2. c4 e6 3. Nc3 d5 4. d4 Be7 5. Bg5 Nbd7 6. e3 O-O 7. Qd2 c5 8. cxd5
Nxd5 9. Bxe7 Qxe7 10. Rd1 Nxc3 11. Qxc3 b6 12. Bb5 cxd4 13. Nxd4 Nf6 14. O-O
Bb7 15. Nc6 Bxc6 16. Bxc6 Rac8 17. Rc1 Rc7 18. Qd3 Rfc8 19. Qa6 Qf8 20. Qb5 Nd5
21. Bxd5 Rxc1 22. Bb3 Qc5 23. Qd7 a5 24. g3 Rxf1+ 25. Kxf1 Qc1+ 26. Bd1 Qc7 27.
Qxc7 Rxc7 28. Ke2 Kf8 29. Kd2 e5 30. Bb3 f5 31. f3 Ke7 32. Bg8 h6 33. h4 g5 34.
hxg5 hxg5 35. Bb3 Kf6 36. Bc2 Rh7 37. f4 Rh2+ 38. Kc3 e4 0-1